| 000 | 00400nam a2200145Ia 4500 | ||
|---|---|---|---|
| 008 | 211109s9999||||xx |||||||||||||| ||und|| | ||
| 082 |
_a330.108 _bARR-R |
||
| 100 | _aArrow, Kenneth J | ||
| 245 | 0 | _aReadings in Welfare Economics | |
| 260 |
_bGeorge Allen _aLodon _c1969 |
||
| 300 | _a702p. | ||
| 630 | _xPOST GRADUATE REFERENCE | ||
| 650 |
_a Welfare Economics _vEconomics _xEconomics |
||
| 942 | _cBOOK | ||
| 999 |
_c34401 _d34401 |
||